The blessed life. (Record no. 16576)

000 -LEADER
fixed length control field 00475nam a2200169 a 4500
001 - CONTROL NUMBER
control field :::00019590$&:&@@
003 - CONTROL NUMBER IDENTIFIER
control field OkBaRHE
005 - DATE AND TIME OF LATEST TRANSACTION
control field 20010922110348.0
008 - FIXED-LENGTH DATA ELEMENTS--GENERAL INFORMATION
fixed length control field s1901 j 000 0 eng u
040 ## - CATALOGING SOURCE
Transcribing agency
100 1# - MAIN ENTRY--PERSONAL NAME
Personal name Quayle, William A.
245 14 - TITLE STATEMENT
Title The blessed life.
260 ## - PUBLICATION, DISTRIBUTION, ETC. (IMPRINT)
Place of publication, distribution, etc Cincinnati
Name of publisher, distributor, etc Jennings & Graham
Date of publication, distribution, etc 1901
300 ## - PHYSICAL DESCRIPTION
Extent 280 p.
942 ## - ADDED ENTRY ELEMENTS (KOHA)
Source of classification or shelving scheme
Koha item type Books
Copies
Permanent Location Source of classification or shelving scheme Date last seen Copy number Koha item type Withdrawn status Shelving location Full call number Date acquired Not for loan Barcode Lost status Price effective from Damaged status
RHEMA Bible Training College 2010-04-141Books General StacksBV 4501 .Q32010-04-14 19590 2010-04-14